L'Albanie pour les touristes... - Statistiques

Statistiques générales
  • Ce quiz a été pris 131 fois
  • Le résultat moyen est 11 sur 20
Statistiques - réponses
Question Indice Réponses % Correct
Le suffixe internet est al
100%
Quelle est la langue officielle ? Albanais
97%
Quelles sont les principales villes touristiques ? T Tirana
89%
Dans la capitale y-a-t-il un décalage horaire avec Paris ? (oui/non) Non
87%
Quelles autres langues sont répandues ? I Italien
83%
La conduite se fait à droite ou à gauche ? Droite
81%
La religion majoritaire est Islam
75%
Quelle est la monnaie ? Lek
73%
Quelles autres langues sont répandues ? A Anglais
69%
La vitesse sur autoroute est limitée à {110} km/h
58%
Quelles sont les principales villes touristiques ? B Berat
50%
Quelles sont les principales villes touristiques ? S Saranda
50%
Quelles sont les principales villes touristiques ? S Shkoder
48%
Le taux d'alcoolémie toléré au volant est de {0.1} g/l
35%
Quelles sont les principales villes touristiques ? K Kruje
23%
Achats à faire 2/ Le chapeau typique appelé Plis
21%
Quels parc nationaux peut-on visiter ? B Butrint
18%
Achats à faire T Tapis
11%
Quels parc nationaux peut-on visiter ? T Theth
8%
Achats à faire 3/ Un alcool contenant du raki, des fruits et du miel, appelé Cognac Skanderberg
1%
Aucun quiz correspondant
Distribution des résultats
% des personnes avec chaque résultat
Percentile par nombre de réponses
Votre historique - résultats
Vous n’avez pas pris ce quiz